| 000 | 01993cam a22004937i 4500 | ||
|---|---|---|---|
| 001 | 18344346 | ||
| 005 | 20241204161149.0 | ||
| 008 | 141022s2014 nyua j 000 1 eng d | ||
| 010 | _a 2014430063 | ||
| 020 | _a9781481404297 | ||
| 020 | _a1481404296 | ||
| 035 | _a(OCoLC)ocn860755821 | ||
| 040 |
_aBTCTA _beng _cBTCTA _erda _dBDX _dSINLB _dOCLCO _dIEP _dDLC _dDLC |
||
| 042 | _alccopycat | ||
| 050 | 0 | 0 |
_aPZ7.S23825 _bHap 2014 |
| 082 | 0 | 4 |
_a[E] _223 |
| 092 |
_achildren holiday board book _bDaniel Tiger |
||
| 100 | 1 |
_aSantomero, Angela C, _eauthor. _948424 |
|
| 245 | 1 | 0 |
_aHappy Halloween, Daniel Tiger! : _ba lift-the-flap book / _cby Angela C. Santomero. |
| 250 | _aFirst edition. | ||
| 264 | 1 |
_aNew York : _bSimon Spotlight, an imprint of Simon & Schuster Children's Publishing Division, _c[2014] |
|
| 300 |
_a1 volume (unpaged) : _bcolor illustrations ; _c19 cm |
||
| 336 | _atext | ||
| 336 | _astill image | ||
| 337 | _aunmediated | ||
| 338 | _avolume | ||
| 500 | _aCover title. | ||
| 500 | _aAt head of title: Daniel Tiger's neighborhood. | ||
| 500 | _a"Inspired by the classic series 'Mister Rogers' Neighborhood'"--Page 4 of cover. | ||
| 520 | _aWith Halloween soon to arrive, little Daniel Tiger and his friends pick out special costumes to wear in the holiday parade through the neighborhood. | ||
| 650 | 0 |
_aLift-the-flap books _vSpecimens. _95716738 |
|
| 650 | 0 |
_aToy and movable books _vSpecimens. _95675104 |
|
| 650 | 0 | _aBoard books. | |
| 650 | 1 |
_aHalloween _vFiction. _95684667 |
|
| 650 | 1 |
_aHolidays _vFiction. _95674138 |
|
| 650 | 1 |
_aTigers _vFiction. _95709746 |
|
| 650 | 1 |
_aBig cats _vFiction. _96497202 |
|
| 650 | 1 | _aLift-the-flap books. | |
| 650 | 1 | _aToy and movable books. | |
| 650 | 1 | _aBoard books. | |
| 730 | 0 |
_aDaniel Tiger's neighborhood (Television program). _95693834 |
|
| 856 | 4 | 2 |
_3Publisher description _uhttp://www.loc.gov/catdir/enhancements/fy1507/2014430063-d.html |
| 942 |
_2ddc _cBOOK |
||
| 999 |
_c402297 _d402297 |
||